Most Generous Countries Quiz Stats

Quiz not verified by Sporcle

Challenge
Share
Tweet
Embed
Score 0/20 Timer 04:00
0 Plays Today
Rank (Donor Aid Per Capita) Country % Correct
18United States of America
99%
5Sweden
96.4%
6United Kingdom
94.8%
12Canada
94.8%
3Norway
94.3%
7Finland
93.8%
16Spain
93.8%
14Germany
93.2%
2Denmark
92.2%
15Australia
92.2%
Rank (Donor Aid Per Capita) Country % Correct
11Austria
90.6%
20Italy
90.6%
4Netherlands
88.5%
9Switzerland
88.5%
13Japan
88.5%
8Ireland
85.9%
10Belgium
85.4%
17Portugal
84.4%
1Luxembourg
83.3%
19Iceland
81.8%

You're not logged in!

Compare scores with friends on all Sporcle quizzes.
Join for Free
OR
Log In

You Might Also Like...

Show Comments

Extras

Created Sep 6, 2011ReportNominate
Tags:Country Quiz, aid, donor, Per Capita

Top Quizzes Today


Score Distribution

Your Account Isn't Verified!

In order to create a playlist on Sporcle, you need to verify the email address you used during registration. Go to your Sporcle Settings to finish the process.

Report this User

Report this user for behavior that violates our Community Guidelines.

Details: